History Quiz

Random History or Quote Quiz

U.S. Politicians Say the Darndest Things Quiz Stats

 Plays Quiz Updated Oct 23, 2014

Challenge
Share
Tweet
Embed
Score 0/11 Timer 04:00
4 Plays Today
Quote [office at the time] Speaker * % Correct
'When the President does it, that means that it's not illegal.'
[Former President]
Richard Nixon
91.2%
'They misunderestimated me.'
[Governor/Presidential candidate]
George W. Bush
72%
'I do not like broccoli. And I haven't liked it since I was a little kid and my mother made me eat it. And I'm President of the United States and I'm not going to eat any more...'George H.W. Bush
66.1%
'I have orders to be awakened at any time in the case of a national emergency, even if I'm in a cabinet meeting.'
[President]
Ronald Reagan
49.2%
'One word sums up probably the responsibility of any Vice President, and the one word is 'to be prepared.''
[Vice President]
Dan Quayle
44.1%
'I've now been in 57 states - I think one left to go.'
[Senator/Presidential candidate]
Barack Obama
43.3%
* 'The President has kept all of the promises he intended to keep.'
[White House Aide (or name the President)]
George Stephanopoulos
39.4%
'Outside of the killings, Washington has one of the lowest crime rates in the country.'
[Mayor]
Marion Barry
33.2%
'When the stock market crashed, Franklin D. Roosevelt got on the television and didn't just talk about the, you know, the princes of greed....'
[Senator/V.P.candidate]
Joe Biden
22.2%
'I will veto every single beer.'
[Senator/Presidential candidate]
John McCain
12.8%
'It's the most important decision I've had to make since 1978 when I decided to get a bikini wax.'
[Gubernatorial candidate]
Arnold Schwarzenegger
11.5%

You're not logged in!

Compare scores with friends on all Sporcle quizzes.
Join for Free
OR
Log In

You Might Also Like...

Show Comments

Extras

Top Quizzes Today


Score Distribution

Your Account Isn't Verified!

In order to create a playlist on Sporcle, you need to verify the email address you used during registration. Go to your Sporcle Settings to finish the process.

Report this User

Report this user for behavior that violates our Community Guidelines.

Details: